| 000 | 00611nam a22002057a 4500 | ||
|---|---|---|---|
| 003 | OSt | ||
| 005 | 20151116163605.0 | ||
| 008 | 150320b xxu||||| |||| 00| 0 eng d | ||
| 040 | _cBMC | ||
| 082 | _a891.7 | ||
| 100 | 1 |
_9133 _aDostoevskiï, Fiodor Mijaïlovich _d1821-1881 |
|
| 245 | 1 | 0 |
_aNietotchka Niezvanova _cFiodor Mijaïlovich Dostoevskiï ; traducción de Ana Muriá |
| 260 |
_aMéxico D.F. _bNovaro _c[1958] |
||
| 300 | _a249 p. | ||
| 490 | _aNova | ||
| 595 | _aTraducción de: Nietotchka Niezvanova | ||
| 650 | 2 | 4 |
_929314 _aNovela rusa |
| 700 | 1 |
_932918 _aMuria, Ana |
|
| 942 |
_2ddc _cBK _hahoj |
||
| 999 |
_c19760 _d19760 |
||